书目信息 |
| 题名: |
柯林斯精华英语词典:21世纪版
|
|
| 作者: | 本书编写组 编 | |
| 分册: | ||
| 出版信息: | 北京 北京大学出版社 2000.04 |
|
| 页数: | 632页 | |
| 开本: | 64开 | |
| 丛书名: | ||
| 单 册: | ||
| 中图分类: | H316 | |
| 科图分类: | ||
| 主题词: | 英语 | |
| 电子资源: | ||
| ISBN: | 7-301-04414-3 | |
| 000 | 00589nam0 2200193 45 | |
| 001 | 0104091107 | |
| 005 | 20010412090916.8 | |
| 010 | @a7-301-04414-3@d24.00元 | |
| 100 | @a20010409d2000 km y0chiy0120 ea | |
| 101 | 0 | @achi |
| 105 | @a z 000yy | |
| 200 | 1 | @a柯林斯精华英语词典:21世纪版@AKe Lin Si Jing Hua Ying Yu Ci Dian:21 Shi Ji Ban@f本书编写组编@FBen Shu Bian Xie Zu Bian |
| 210 | @a北京@c北京大学出版社@d2000.04 | |
| 215 | @a632页@d64开 | |
| 606 | 0 | @a英语 |
| 690 | @aH316@v3 | |
| 701 | 0 | @a本书编写组@4编 |
| 801 | @aCN@bPftUser@c20010409 | |
| 905 | @dH316@eK:761-1@b337266-269@f4 | |
| 柯林斯精华英语词典:21世纪版/本书编写组编.-北京:北京大学出版社,2000.04 |
| 632页;64开 |
| ISBN 7-301-04414-3:24.00元 |
| ● |
| 相关链接 |
|
|
|
正题名:柯林斯精华英语词典:21世纪版
索取号:H316/K:761-1
 
预约/预借
| 序号 | 登录号 | 条形码 | 馆藏地/架位号 | 状态 | 备注 |
| 1 | 337266 | 203372661 | 语言库209/209语言库 40排7列3层/ [索取号:H316/K:761-1] | 在馆 | |
| 2 | 337267 | 203372670 | 自科二线504/504自科库 45排6列5层/ [索取号:H316/K:761-1] | 在馆 | |
| 3 | 337268 | 203372689 | 语言库209/209语言库 40排7列3层/ [索取号:H316/K:761-1] | 在馆 | |
| 4 | 337269 | 203372698 | 自科二线504/504自科库 45排6列5层/ [索取号:H316/K:761-1] | 在馆 |